| 000 | 00669nam a2200229 a 4500 | ||
|---|---|---|---|
| 005 | 20240910064316.0 | ||
| 008 | 020517s1999 mx r 000 0 spa d | ||
| 020 | _a9687529733 | ||
| 035 | _aUPN01000117337 | ||
| 049 | _aCG | ||
| 050 | 4 |
_aBF317 _bD6.68a 1999 |
|
| 100 | 1 |
_aDomjan, Michael P., _d1947- _937224 |
|
| 245 | 1 | 0 |
_aPrincipios de aprendizaje y conducta / _cMichael Domjan; tr. Enrique Palos Báez |
| 250 | _a4a. ed. | ||
| 260 |
_aMéxico : _bInternational Thomson, _cc1999 |
||
| 300 |
_axxii, 435 p. : _bil., gráfs. |
||
| 650 | 4 |
_aAprendizaje _92861 |
|
| 650 | 4 |
_aConducta (Psicología) _94460 |
|
| 901 | _a196134 | ||
| 902 | _aCAA/gsm | ||
| 905 | _aLibro | ||
| 999 |
_c89873 _d89873 |
||